| 000 | 00449nam a2200169Ia 4500 | ||
|---|---|---|---|
| 003 | OSt | ||
| 005 | 20260318105137.0 | ||
| 008 | 211028s2017 xx 000 0 und d | ||
| 040 | _cAIMIT LIBRARY | ||
| 041 | _aeng | ||
| 100 |
_aBaby, Sujith; Kumar, Rakesh. _g141740 _94846 |
||
| 110 |
_aVincent Mascarenhas _94847 |
||
| 245 | _aWork on / | ||
| 260 |
_aBangalore _c2017 |
||
| 710 |
_aOnline Productivity solutions Pvt Ltd _94848 |
||
| 942 |
_2ddc _cPRO |
||
| 999 |
_c217708 _d217708 |
||